| 000 | 01790cam a2200313 4500 | ||
|---|---|---|---|
| 001 | ABS@61468 | ||
| 008 | 040524n2004 000 0 eng u | ||
| 035 | _a(Sirsi) u126266 | ||
| 100 | _aAnders, M. | ||
| 245 | _aUnderstanding and balancing mixed-use schemes: the key to creating successful communities | ||
| 260 | _c2004 | ||
| 490 |
_aJournal of Retail and Leisure Property _v3(4) 2004, 353-364(12) |
||
| 520 | _aInvestigates how mixed-use schemes can and should be integrated into the street scene without creating monolithic developments that cannot be broken down into varieties of scale and form. Dispels the simplistic definition of mixed-use and proposes that mixed-use can work just as effectively as a combination of single-sector uses, as long as the wider picture is appreciated, with developments needing to become more outward looking and creating a sense of place. Looks at how existing developments, particularly traditional shopping centres, can be augmented and improved, with the businesses themselves assisting in the regeneration process. Concludes that it is necessary to look holistically at urban strategies, to avoid taking an over-simplistic view of mixed-use schemes. Lists the key factors involved in achieving a balanced approach. Figures illustrate a range of mixed-use scheme options. [Taken from journal abstract]. | ||
| 590 | _aABS | ||
| 590 | _aABS | ||
| 650 | _aLOUGHBOROUGH | ||
| 650 | _aLIVERPOOL | ||
| 650 | _aNEWCASTLE | ||
| 650 | _aBUSINESS IMPROVEMENT DISTRICTS | ||
| 650 | _aTHE GATE | ||
| 650 | _aPARADISE STREET | ||
| 650 | _aOUT-OF-TOWN RETAIL | ||
| 650 | _aSPACE MANAGEMENT | ||
| 650 |
_aSustainability _96271 |
||
| 650 | _aSTREET SCENE | ||
| 650 | _aMIXED-USE DEVELOPMENTS | ||
| 690 | _aREGENERATION | ||
| 942 | _n0 | ||
| 999 |
_c117389 _d117389 |
||